|
|
|
|
| LEADER |
00000nas a2200000 a 4500 |
| 001 |
ssj0005343 |
| 003 |
WaSeSS |
| 005 |
20200512172242.0 |
| 006 |
m d |
| 007 |
cr n |
| 008 |
000914c19969999enkqr p s c0 0eng c |
| 010 |
|
|
|a 2010223058
|
| 015 |
|
|
|a GBA605266
|2 bnb
|
| 016 |
7 |
|
|a 013357687
|2 Uk
|
| 022 |
|
|
|a 1469-9591
|l 1360-2004
|y 1360-2004
|
| 035 |
|
|
|a (WaSeSS)ssj0005343
|
| 040 |
|
|
|a F#A
|b eng
|c F#A
|d OCLCQ
|d Z5A
|d TXJ
|d CO3
|d OCLCQ
|d CLU
|d UKMGB
|d OCLCA
|d OCLCQ
|d OCLCO
|d OCLCF
|d OCLCO
|d OCLCQ
|d DLC
|d OCLCO
|d AU@
|d VT2
|d WaSeSS
|
| 042 |
|
|
|a pcc
|
| 050 |
0 |
0 |
|a BP52.5
|
| 082 |
0 |
4 |
|a 908/.82971
|2 20
|
| 130 |
0 |
|
|a Journal of Muslim minority affairs (Online)
|
| 210 |
0 |
|
|a J. Muslim minor. aff.
|b (Online)
|
| 222 |
|
0 |
|a Journal of Muslim minority affairs
|b (Online)
|
| 245 |
1 |
0 |
|a Journal of Muslim minority affairs
|h [electronic resource].
|
| 260 |
|
|
|3 1996- :
|a [Abingdon, Oxfordshire] :
|b Carfax International Publishers
|
| 260 |
3 |
|
|3 2006- :
|a Oxford :
|b Routledge
|
| 310 |
|
|
|a Quarterly,
|b 2009-
|
| 321 |
|
|
|a Semiannual,
|b 1996-2004
|
| 321 |
|
|
|a Three times a year,
|b 2005-2008
|
| 362 |
1 |
|
|a Print began with vol. 16, no. 1 (Jan. 1996).
|
| 506 |
|
|
|a License restrictions may limit access.
|
| 550 |
|
|
|a Produced by the Institute of Muslim Minority Affairs.
|
| 588 |
|
|
|a Description based on: Vol. 20, no. 1 (Apr. 2000); title from journal information screen (viewed Aug. 30, 2000).
|
| 588 |
|
|
|a Latest issue consulted: Vol. 37, issue 4 (2017) (Taylor & Francis Online viewed December 12, 2017).
|
| 650 |
|
0 |
|a Muslims
|z Non-Islamic countries
|v Periodicals.
|
| 650 |
|
0 |
|a Islam
|v Periodicals.
|
| 650 |
|
0 |
|a Religious minorities
|v Periodicals.
|
| 650 |
|
7 |
|a Islam.
|2 fast
|0 (OCoLC)fst00979776
|
| 650 |
|
7 |
|a Muslims.
|2 fast
|0 (OCoLC)fst01031029
|
| 650 |
|
7 |
|a Religious minorities.
|2 fast
|0 (OCoLC)fst01094193
|
| 650 |
1 |
7 |
|a Islamieten.
|2 gtt
|
| 650 |
1 |
7 |
|a Minderheden.
|2 gtt
|
| 651 |
|
7 |
|a Non-Islamic countries.
|2 fast
|0 (OCoLC)fst01920641
|
| 655 |
|
0 |
|a Electronic journals.
|
| 710 |
2 |
|
|a Institute of Muslim Minority Affairs.
|
| 710 |
2 |
|
|a Taylor & Francis.
|
| 776 |
0 |
8 |
|i Print version:
|t Journal of Muslim minority affairs
|x 1360-2004
|w (DLC) 96648234
|w (OCoLC)34765313
|
| 850 |
|
|
|a DLC
|
| 856 |
4 |
0 |
|z Full text available from Research Library: 10/01/1997 to 10/31/2000
|u https://search.proquest.com/publication/32788
|